Score 0/20 Timer 02:00
0 Plays Today
Show Missing Word % Correct
America's Got _____Talent
98.7%
Are You _____ than a 5th Grader?Smarter
98.1%
America's Next Top _____Model
97.2%
The Andy Griffith _____Show
97.2%
America's Funniest _____ VideosHome
96.3%
Are You _____ of the Dark?Afraid
94.9%
America's Most _____Wanted
92.7%
Arrested _____Development
90.5%
All in the _____Family
83.5%
As the _____ TurnsWorld
79.5%
Show Missing Word % Correct
All My _____Children
78.2%
The Amazing _____Race
77.9%
Ally _____McBeal
69.5%
According to _____Jim
68.2%
Access _____Hollywood
67.4%
Avatar: The Last _____Airbender
64.2%
Aqua Teen _____ ForceHunger
49.7%
Absolutely _____Fabulous
33.3%
Are You Being _____Served
29.8%
Adam-_____12
21%

Today's Daily Dose

Remove Ads.
Support Sporcle.
Get the best of Sporcle when you Go Orange. This ad-free experience offers more features, more stats, and more fun while also helping to support Sporcle. Thank you for becoming a member.

You're not logged in!

Compare scores with friends on all Sporcle quizzes.
OR
Log In

Show Comments

Extras

Top Quizzes Today


Score Distribution

Your Account Isn't Verified!

In order to create a playlist on Sporcle, you need to verify the email address you used during registration. Go to your Sporcle Settings to finish the process.

Report this User

Report this user for behavior that violates our Community Guidelines.

Details: